LIBRARY & INFORMATION CENTRE, KCAET, TAVANUR

ONLINE PUBLIC ACCESS CATALOGUE (OPAC)

Living biographies of great philosophers (Record no. 4348)

MARC details
000 -LEADER
fixed length control field 00375cam a2200157ua 4500
041 ## - LANGUAGE CODE
Language code of text/sound track or separate title eng
082 ## - DEWEY DECIMAL CLASSIFICATION NUMBER
Classification number 921
Item number THo/LI
100 ## - MAIN ENTRY--AUTHOR NAME
Personal name Thomas, Henry .
245 ## - TITLE STATEMENT
Title Living biographies of great philosophers
260 ## - PUBLICATION, DISTRIBUTION, ETC. (IMPRINT)
Place of publication Mumbai :
Name of publisher Bharatiya Vidya Bhavan ,
Year of publication 1960.
300 ## - PHYSICAL DESCRIPTION
Number of Pages 285 ; .
700 1# - ADDED ENTRY--PERSONAL NAME
Personal name Thomas, Danlee .
942 ## - ADDED ENTRY ELEMENTS (KOHA)
Koha item type Books
Holdings
Withdrawn status Lost status Damaged status Home library Current library Date acquired Full call number Accession Number Koha item type
Withdrawn     KAUAET Sanskrit University 07/04/2012 921 3399 Books
free website counter